000 00517nam a22001697a 4500
003 OSt
005 20120302150055.0
008 090612t xxu||||| |||| 00| 0 eng d
035 _a५१००
040 _cमराठी
100 _aओक, अनंत वामन
_96243
245 _aगणित- स्वरुप, अध्ययन- अध्यापन
250 _a१ ली
260 _aपुणे
_bनूतन
_c१९९१
300 _b३२० पाने
942 _2ddc
_cBOOK
999 _c491286
_d491283